Loading...
| Fine Arts - Classical Music | 1 | 20.00 | 100% | 100% | 0% |
| Fine Arts - Visual Fine Arts | 2 | 15.00 | 100% | 50% | 0% |
| History - European History | 1 | 10.00 | 100% | 0% | 0% |
| History - Other History | 1 | 10.00 | 100% | 0% | 0% |
| History - World History | 2 | 5.00 | 50% | 0% | 0% |
| Literature - American Literature | 1 | 20.00 | 100% | 100% | 0% |
| Literature - British Literature | 1 | 10.00 | 100% | 0% | 0% |
| Literature - European Literature | 1 | 10.00 | 100% | 0% | 0% |
| Mythology | 1 | 20.00 | 100% | 100% | 0% |
| Other Academic | 1 | 10.00 | 100% | 0% | 0% |
| Philosophy | 2 | 15.00 | 100% | 0% | 50% |
| Religion | 2 | 15.00 | 100% | 50% | 0% |
| Science - Chemistry | 2 | 10.00 | 100% | 0% | 0% |
| Science - Other Science | 2 | 15.00 | 100% | 50% | 0% |
| Science - Physics | 1 | 10.00 | 100% | 0% | 0% |
| Social Science | 1 | 10.00 | 100% | 0% | 0% |